00829nam a22002297a 45000010005000000030006000050050017000110080041000280200018000690400029000870500019001160820011001351000023001462450050001692600048002193000058002675050007003255200186003325210027005185210018005456500036005637736FISKH20250801145428.0250801b cb ||||| |||| 00| 0 eng d a9781921229329 aFISKHbengcFISKHdFISKH aPZ7.M4784456 G a226.5  aMcDonough, Andrew  aThe gardener and the Vine /cAndrew McDonough aCanberra : bLost Sheep resources, c2008.  a32 unnumbered pages : bcolor illustrations ; c22 cm aE  aA story about how God brings people into his family, The Gardener and the Vine tells about a small branch that when grafted to a larger one becomes strong and bears delicious fruit.8 a200 bLexile estimate 8 aE bRaz-Plus  aChildren's vChildren's Stories